Top 30 HLTV CS GO - Statystyki

Ogólne statystyki
  • Ten quiz został rozwiązany 782 razy
  • Średni wynik to 14 z 30
Statystyki odpowiedzi
No. Odpowiedź % Poprawnych
#3 Astralis
92%
#30 Virtus.pro
91%
#7 Natus Vincere
83%
#13 Fnatic
80%
#6 FaZe
79%
#8 G2
77%
#1 Liquid
74%
#11 NIP
69%
#4 ENCE
62%
#2 Vitality
62%
#19 Cloud9
60%
#14 MIBR
57%
#10 mousesports
48%
#22 BIG
46%
#9 Furia
42%
#15 Heroic
38%
#12 North
38%
#5 NRG
37%
#17 Renegades
36%
#27 AVANGAR
32%
#26 Spirit
23%
#24 Sprout
23%
#25 Complexity
20%
#20 OpTic
17%
#16 CR4ZY
14%
#18 Tricked
14%
#21 GamerLegion
13%
#29 Grayhound
13%
#23 Windigo
7%
#28 Ancient
5%
Nie znaleziono quizów pasujących do podanych kryteriów
Rozkład punktacji
Procent ludzi z każdym wynikiem
Percentyl według liczby udzielonych odpowiedzi
Twoja historia wyników
Nie rozwiązałeś tego quizu